EL MONETARISMO VERDADES Y DOGMAS (Record no. 1685)

MARC details
000 -LEADER
campo de control de longitud fija 00522nam a22001697a 4500
001 - NÚMERO DE CONTROL
campo de control 7001
005 - FECHA Y HORA DE LA ÚLTIMA TRANSACCIÓN
campo de control 20250602012212.0
008 - DATOS DE LONGITUD FIJA--INFORMACIÓN GENERAL
campo de control de longitud fija 5230201990 dr
082 ## - NÚMERO DE LA CLASIFICACIÓN DECIMAL DEWEY
Número de clasificación RD 332.401
Número de ítem L764m
100 ## - ENTRADA PRINCIPAL--NOMBRE DE PERSONA
Nombre de persona LIVIO CESEÑO VICTOR
245 ## - MENCIÓN DEL TÍTULO
Título EL MONETARISMO VERDADES Y DOGMAS
Mención de responsabilidad, etc. Víctor Livio Cedeño.
250 ## - MENCION DE EDICION
Mención de edición 1a. ed.
260 ## - PUBLICACIÓN, DISTRIBUCIÓN, ETC.
Lugar de publicación, distribución, etc. Santo Domingo :
Nombre del editor, distribuidor, etc. FUNDACION DOMINICO HISPANO
300 ## - DESCRIPCIÓN FÍSICA
Extensión 140 p. / 21 cm
505 ## - NOTA DE CONTENIDO CON FORMATO
Nota de contenido con formato Incluye Tabla de Materias.
650 ## - PUNTO DE ACCESO ADICIONAL DE MATERIA--TÉRMINO DE MATERIA
Término de materia o nombre geográfico como elemento de entrada 1 CUESTION MONETARIA HISTORIA REPUBLICA DOMINICANA
Holdings
Estatus retirado Estado de pérdida Estado de daño No para préstamo Colección Biblioteca de origen Biblioteca actual Fecha de adquisición Total de préstamos Signatura topográfica completa Código de barras Visto por última vez Copia número Precio de reemplazo Tipo de ítem Koha
        Acervo general de Libros Biblioteca Central Mons. Favio M. Rivas S. Biblioteca Central Mons. Favio M. Rivas S. 22/05/2014   RD 332.401 000000002235 23/05/2025 1 23/05/2025 Libros